000 00849nam a2200217 i 4500
001 87246
003 ES-MaACL
005 20230906175628.0
007 t|
008 041220s1953 sp ||||1| spa d
100 1 _aKnowlton, Archer E.
_968377
245 1 0 _aManual standard del ingeniero electricista /
_cbajo la dirección de Archer E. Knowlton ; con la colaboración de R.M. Shoop ; traducción de la octava edición norteamericana, Manuel Gabarró Freixas, Francisco Arguimbau, José Munné Camp.
260 _aBarcelona :
_bLabor,
_c1953 (
_fTall. Graf. Ibero-Americanos)
300 _a2 v. ;
_c24 cm.
650 4 _aElectrotecnia.
_912169
700 1 _aShoop, R. M.
_9106149
700 1 _aGabarró Freixas, Manuel.
_953123
700 1 _aArguimbau, Francisco.
_922727
700 1 _aMunné Camp, José.
_984212
852 _aES-MaACL
_jE-3410-11
999 _c87246
_d87246